01294nab a2200229 i 4500001000400000003000400004005001700008008003900025040000800064041001300072044000800085080001200093080001000105100019700115245028400312260001000596500002100606520032300627650002300950650001600973773007500989BPPBPK20140611121401.0140611s2011 pl f |000 0 pol cBPK apolbeng aPOL a620.197 a669.1 aPANCIELEJKO, Mieczysław.d1996 - .bPolitechnika Koszalińska - Instytut Mechatroniki, Nanotechnologii i Techniki Próżniowej,cZakład Podstaw Nauki o Materiałach i Ceramiki Technicznej aStruktura i własności tribologiczne nanokrystalicznych powłok naniesionych na podłoże ze stali X40CrMoV5-1 =bStructure and tribological properties of nanocrystalline coatings deposited on the X40CrMoV5-1 steel substrate /cKrzysztof Lukaszkowicz, Mieczysław Pancielejko. c2011. aDane z autopsji. aW pracy przedstawiono wyniki badań struktury i własności tribologicznych nanokrystalicznych powłok AiCrSiN, AlTiCrN i CrN naniesionych metodą katodowego odparowania łukiem elektrycznym z dodatkową cienką warstwą niskotarciową DLC na podłożu ze stali narzędziowej do pracy na gorąco X40CrMoV5-1. 0aPowłoki ochronne. 0aTrybologia. iW :tInżynieria Materiałowa. -gR. 32, 2011, nr 4 (182), s. 537-540